| 000 | 01002nas a2200313 4500 | ||
|---|---|---|---|
| 001 | BR2019000154 | ||
| 003 | BR-BrBNA | ||
| 005 | 20231205131540.0 | ||
| 007 | ta | ||
| 008 | 230509b bl.|||p| |||| 00| 00por d | ||
| 040 |
_aBR-BrBNA _bpor _cBiblioteca Nacional de Agricultura |
||
| 041 | _a(En) | ||
| 072 | _aL01 | ||
| 100 | 1 | _aDamasceno, F.A. | |
| 100 | 1 | _aOliveira, C.E.A. | |
| 100 | 1 | _aFerraz, G.A. e S. | |
| 100 | 1 | _aNascimento, J.A.C. do | |
| 100 | 1 | _aSaraz, J.A.O. | |
| 100 | 1 | _aBrandão, L.F. | |
| 245 | 1 | _aWelfare and spatial distribution of noise levels in swine nursery | |
| 650 | _aSUÍNO | ||
| 650 | _aCRIAÇÃO | ||
| 650 | _aINSTALAÇÃO AGRÍCOLA | ||
| 650 | _aBEM-ESTAR | ||
| 773 | 0 |
_tRevista Brasileira de Engenharia Agrícola e Ambiental (Brazil) _xISSN 1807-1929 _g(Mar 2019), v. 23(3) p. 196-202 _wBR2019000154 |
|
| 856 | 4 | 0 | _uhttp://www.scielo.br/pdf/rbeaa/v23n3/1415-4366-rbeaa-23-03-0196.pdf |
| 909 |
_a202311 _bLúcia _c55 _dLúcia Elande |
||
| 942 |
_2AGRIS _n0 _cANA |
||
| 999 |
_c255392 _d255392 |
||